| 000 | 00744nam a22002415a 4500 | ||
|---|---|---|---|
| 005 | 20201128023854.0 | ||
| 008 | 161016s2015 ii a frb 001 0 eng d | ||
| 020 | _a9789332536487 | ||
| 040 |
_aEG-ScBUE _beng _cEG-ScBUE _dEG-ScBUE |
||
| 082 | 0 | 4 |
_222 _a330.015195 _bSTU |
| 100 | 1 |
_aStudenmund, A. H. _938328 |
|
| 245 | 1 | 0 |
_aUsing econometrics : _ba practical guide / _cA. H. Studenmund. |
| 250 | _a6th ed. | ||
| 260 |
_aNoida, India : _bPearson, _c2015. |
||
| 300 |
_a546 p. : _bill. ; _c24 cm. |
||
| 500 | _aIndex : p. 555-560. | ||
| 504 | _aIncludes bibliographical references. | ||
| 650 | 7 |
_2BUEsh _9712 _aRegression analysis. |
|
| 650 | 7 |
_2BUEsh _93215 _aEconometrics. |
|
| 651 | _2BUEsh | ||
| 653 |
_bBUSADM _cOctober2016 |
||
| 942 | _2ddc | ||
| 999 |
_c22591 _d22563 |
||